Revista Trabajo Social (Registro nro. 29558)

Detalles MARC
000 -LEADER
fixed length control field 01880nas a22003257a 4500
003 - CONTROL NUMBER IDENTIFIER
control field CO-CtgCURN
005 - DATE AND TIME OF LATEST TRANSACTION
control field 20250407152859.0
007 - PHYSICAL DESCRIPTION FIXED FIELD--GENERAL INFORMATION
fixed length control field cr || aaaaaaaa
008 - FIXED-LENGTH DATA ELEMENTS--GENERAL INFORMATION
fixed length control field 190916c ck fr|n| |||| 00| 00spa d
022 ## - INTERNATIONAL STANDARD SERIAL NUMBER
International Standard Serial Number 1794984X
040 ## - CATALOGING SOURCE
Original cataloging agency CO-CtgCURN
Language of cataloging spa
Transcribing agency coctgcurn
Description conventions rda
043 ## - GEOGRAPHIC AREA CODE
Geographic area code s-ck---
082 ## - DEWEY DECIMAL CLASSIFICATION NUMBER
Classification number 363.1
110 ## - MAIN ENTRY--CORPORATE NAME
Corporate name or jurisdiction name as entry element Universidad de Antioquia.
Subordinate unit Departamento de Trabajo Social
9 (RLIN) 7852
245 ## - TITLE STATEMENT
Title Revista Trabajo Social
Medium [electronic resource] /
Statement of responsibility, etc. Universidad de Antioquia
260 ## - PUBLICATION, DISTRIBUTION, ETC.
Place of publication, distribution, etc. Medellín, Antioquia :
Name of publisher, distributor, etc. Universidad de Antioquia
300 ## - PHYSICAL DESCRIPTION
Extent volúmenes :
Other physical details ilustraciones, gráficas, tablas ;
Dimensions 25 centímetros
336 ## - CONTENT TYPE
Source rdacontent
337 ## - MEDIA TYPE
Source rdamedia
338 ## - CARRIER TYPE
Source rdacarrier
504 ## - BIBLIOGRAPHY, ETC. NOTE
Bibliography, etc. note Incluye referencias bibliográficas
520 ## - SUMMARY, ETC.
Summary, etc. La Revista de Trabajo Social es el resultado de un esfuerzo conjunto de profesores, estudiantes, egresados y directivas del Departamento de Trabajo Social de la Universidad de Antioquia de generar un espacio interdisciplinario de reflexión crítica y analítica, de participación y debate académico en el escenario social, que a la vez brinde elementos significativos para la construcción académica de Trabajo Social. Es una publicación académica semestral enfocada en los desarrollos de conocimiento en torno a las teorías, las metodologías y los debates ético-políticos del Trabajo Social, la política social, la intervención social y sus relaciones con las ciencias sociales y las humanidades.
521 ## - TARGET AUDIENCE NOTE
Target audience note AREA PROFESIONAL
550 ## - ISSUING BODY NOTE
Issuing body note Publicado por la Universidad de Antioquia
590 ## - LOCAL NOTE (RLIN)
Local note Programa de Trabajo Social_26
650 ## - SUBJECT ADDED ENTRY--TOPICAL TERM
Topical term or geographic name entry element Trabajo social
General subdivision Publicaciones periódicas
Geographic subdivision Colombia
9 (RLIN) 2415
856 ## - ELECTRONIC LOCATION AND ACCESS
Uniform Resource Identifier <a href="https://revistas.udea.edu.co/index.php/revistraso">https://revistas.udea.edu.co/index.php/revistraso</a>
Link text Haga clic para acceso en línea
942 ## - ADDED ENTRY ELEMENTS (KOHA)
Source of classification or shelving scheme Dewey Decimal Classification
Koha item type Revistas electrónicas
Classification part 361.3
Existencias
Withdrawn status Lost status Source of classification or shelving scheme Damaged status Not for loan Collection Home library Current library Date acquired Total checkouts Full call number Date last seen Price effective from Koha item type
    Dewey Decimal Classification     Revistas electrónicas Miguel Henríquez Castañeda Barranquilla Miguel Henríquez Castañeda Barranquilla 09/16/2019   361.3 09/16/2019 09/16/2019 Revistas electrónicas